〇〇は飲み物 - Statistics

General Stats
  • This quiz has been taken 20 times
  • The average score is 7 of 19
Answer Stats
Hint Answer % Correct
港区 {カレー}は飲み物。ニュー新橋ビル店
100%
千代田区 {カレー}は飲み物。秋葉原店
100%
豊島区 {カレー}は飲み物。池袋本店
100%
岸和田市 {カレー}は飲み物.com
100%
岡山市 {ラーメン}は飲み物じゃ。
50%
豊橋市 {ラーメン}は飲み物です。
50%
熊本市 {ラーメン}は飲み物ばい。
50%
札幌市 {そば}は飲みもの、
39%
豊島区 {とんかつ}は飲み物。
22%
千代田区 {とんかつ}は飲み物。御茶ノ水店
22%
豊島区 {ハンバーグ}は飲み物。
17%
札幌市 {からあげ}はのみもの
11%
豊島区 {たぬき}は飲み物。
6%
千代田区 {洋食}は飲み物。秋葉原店
6%
豊島区 {ビーフストロガノフ}は飲み物。池袋店
6%
小樽市 {カキ}はのみもの ほたてはデザート
6%
熊本市 {親子丼}は飲み物でした。
0%
甲府市 {ナポリタンと、カレー}は飲み物。甲府店
0%
札幌市 {中華そば}は飲みもの、
0%
No matching quizzes found
Score Distribution
Percent of People with Each Score
Percentile by Number Answered
Your Score History
You have not taken this quiz